000 00539nam a2200193Ia 4500
005 20250326141143.0
008 250326s9999 xx 000 0 und d
020 _a0 10 572559 X
037 _aTextbook
040 _aFMSL
_beng
_cFMSL
041 _aeng
_2eng
084 _aX:95 M6
_qFMSL
100 _aI L O
245 0 _aChallenge of the employment and basic needs in Africa
_cI L O
260 _aNairobi
_bNairobi, Oxford University Press
_c1986
300 _a391p
942 _cTB
_hX:95 M6
999 _c1288952
_d1288952